Top 5 Worst Starting Quarterbacks - Statistics

General Stats
  • This quiz has been taken 23 times
  • The average score is 5 of 5
Answer Stats
Picture Answer % Correct
Russell Wilson
100%
Baker Mayfield
95%
Jared Goff
95%
Zach Wilson
95%
Daniel Jones
85%
No matching quizzes found
Score Distribution
Percent of People with Each Score
Percentile by Number Answered
Your Score History
You have not taken this quiz